| 000 | 01369nam0a22003131 4500 | ||
|---|---|---|---|
| 001 | rc\2149864 | ||
| 005 | 20260406135256.0 | ||
| 035 | _a(NLR Aleph) 006543077 | ||
| 090 |
_a6658022 _c6658022 |
||
| 100 | _a20110826d1978 |||y0rusy50 ca | ||
| 101 | 0 | _arus | |
| 102 | _aRU | ||
| 105 | _aa z ||||| | ||
| 200 | 1 |
_aСелекционно-генетические и агрофизиологические методы и приемы улучшения технологических качеств и посевных свойств кукурузы и пшеницы _eСб. статей _fВАСХНИЛ, ВНИИ кукурузы _g[Редкол.: В.С. Циков (гл. ред.) и др.] |
|
| 210 |
_aДнепропетровск _cВНИИ кукурузы _d1978 |
||
| 215 |
_a109 с. _cил. _d21 |
||
| 606 |
_aПшеница озимая _jСборники _xКачество _2psbo |
||
| 606 |
_aКукуруза _jСборники _xКачество _2psbo |
||
| 686 |
_aП212-476я43 _2rubbk |
||
| 686 |
_aП212-317я43 _2rubbk |
||
| 702 | 1 |
_aЦиков _bВ.С. _4340 |
|
| 712 | 0 | 2 |
_aВНИИ кукурузы _cДнепропетровск _3RU\NLR\AUTH\889918243 _9332606 |
| 801 | 0 |
_aRU _bNLR _gpsbo |
|
| 801 | 1 |
_aRU _bELAR _2rusmarc |
|
| 852 |
_aNLR _j79-5/500 |
||
| 899 |
_aRuMoRGB _jБ 78-11/844 |
||
| 899 |
_aRuMoRGB _jБ 78-11/845 |
||
| 942 | _cBOOK | ||
| 980 | _aNB | ||